| 000 | 01886nam0a2200373 i 4500 | ||
|---|---|---|---|
| 001 | RU\NLR\bibl\1970684 | ||
| 005 | 20241114191025.0 | ||
| 010 |
_a9785917220956 _9500 |
||
| 021 |
_aRU _b2012-86170 _96387 |
||
| 035 | _a(nilc)RSL-KNO-005526002 | ||
| 035 | _a(NLR Aleph) 001959528 | ||
| 090 |
_a3806088 _c3806088 |
||
| 100 | _a20121114d2012 u y0rusy50 ca | ||
| 101 | 0 | _arus | |
| 102 | _aRU | ||
| 105 | _aa ||||||||| | ||
| 200 | 1 |
_aЦитомегаловирусная инфекция у детей раннего возраста _eучебно-методическое пособие для студентов, интернов, ординаторов, врачей-педиатров и инфекционистов _fЕ. П. Ситникова, С. С. Кочкина _gМ-во здравоохранения Российской Федерации, Ярославская гос. мед. акад. |
|
| 210 |
_aЯрославль _cИндиго _cЯрославская гос. мед. акад. _d2012 |
||
| 215 |
_a51 с. _cил., табл., цв. ил. _d21 |
||
| 320 | _aБиблиогр.: с. 50-51 (23 назв.) | ||
| 606 |
_aЦитомегалия детей раннего возраста _jУчебно-методические пособия для высших учебных заведений _92227938 _3RU\NLR\auth\661337385 |
||
| 686 |
_aР733.514.371,07 _2rubbk |
||
| 686 | _aР733.514.21я73 | ||
| 686 | _aР194.21я73 | ||
| 700 | 1 |
_4070 _aСитникова _bЕ. П. _cд-р мед. наук _gЕлена Павловна _9136218 _3RU\NLR\AUTH\770136253 |
|
| 701 | 1 |
_aКочкина _bС. С. _gСветлана Сергеевна _4070 |
|
| 801 | 0 |
_aRU _bRuMoRKP _c20121114 _grcr |
|
| 801 | 1 |
_aRU _bРГБ _c20121114 |
|
| 801 | 2 |
_aRU _bNLR _c20121123 _grcr |
|
| 830 | _aавт. по кн. | ||
| 942 | _cBOOK | ||
| 980 | _aNBR | ||